[Event "Madrid-ch Previa-B"]
[Site "Madrid"]
[Date "2009.11.28"]
[Round "9"]
[White "Benito Aragoneses, Miguel Angel"]
[Black "Nieto Esteban, Manuel"]
[Result "0-1"]
[WhiteElo "1747"]
[BlackElo "1801"]
[PlyCount "56"]
[EventDate "2009.11.05"]
[EventType "swiss"]
[EventRounds "9"]
[EventCountry "ESP"]
[SourceTitle "CBM 133 Extra"]
[Source "ChessBase"]
[SourceDate "2010.01.05"]
[SourceVersion "1"]
[SourceVersionDate "2010.01.05"]
[SourceQuality "1"]

1. d4 d5 2. c4 e6 3. Nc3 Nf6 4. Bg5 Nbd7 5. Nf3 c6 6. cxd5 exd5 7. e3 Qa5 8. Be2 Ne4 9. Qc2 Nxg5 10. Nxg5 Be7 11. Nf3 Nf6 12. 0-0 Bg4 13. a3 0-0 14. Ne5 Bxe2 15. Qxe2 a6 16. b4 Qd8 17. Rac1 Nd7 18. Nd3 Bd6 19. Na4 Qh4 20. g3 Qh3 21. Nac5 Nxc5 22. Nxc5 Rab8 23. f4 Rfe8 24. Rf3 Bxc5 25. Rxc5 Re4 26. a4 Rbe8 27. Rc3 Rxd4 28. b5 Rxa4 0-1

[Event "Madrid-ch Previa-B"]
[Site "Madrid"]
[Date "2009.11.27"]
[Round "8"]
[White "Farinas Lucas, Juan Antonio"]
[Black "Benito Aragoneses, Miguel Angel"]
[Result "0-1"]
[WhiteElo "1742"]
[BlackElo "1747"]
[PlyCount "58"]
[EventDate "2009.11.05"]
[EventType "swiss"]
[EventRounds "9"]
[EventCountry "ESP"]
[SourceTitle "CBM 133 Extra"]
[Source "ChessBase"]
[SourceDate "2010.01.05"]
[SourceVersion "1"]
[SourceVersionDate "2010.01.05"]
[SourceQuality "1"]

1. e4 c5 2. Nf3 d6 3. Bb5+ Bd7 4. Bxd7+ Nxd7 5. 0-0 Ngf6 6. Nc3 e6 7. d4 cxd4 8. Nxd4 a6 9. Be3 Be7 10. Qe2 0-0 11. Rad1 Rc8 12. Nb3 Qc7 13. Rd2 Ne5 14. Nd1 Nc4 15. Rd3 Nxe3 16. Nxe3 Nxe4 17. Rfd1 b5 18. f3 Nf6 19. Nd2 d5 20. c3 Rfd8 21. Ndf1 Qb6 22. b4 Nd7 23. f4 Bf6 24. Rc1 e5 25. fxe5 Nxe5 26. Rd2 Nc4 27. Rdc2 Re8 28. Kh1 Nxe3 29. Nxe3 Qxe3 0-1

[Event "Madrid-ch Previa-B"]
[Site "Madrid"]
[Date "2009.11.20"]
[Round "6"]
[White "Kalinovsky, Martin"]
[Black "Benito Aragoneses, Miguel Angel"]
[Result "0-1"]
[WhiteElo "1632"]
[BlackElo "1747"]
[PlyCount "68"]
[EventDate "2009.11.05"]
[EventType "swiss"]
[EventRounds "9"]
[EventCountry "ESP"]
[SourceTitle "CBM 133 Extra"]
[Source "ChessBase"]
[SourceDate "2010.01.05"]
[SourceVersion "1"]
[SourceVersionDate "2010.01.05"]
[SourceQuality "1"]

1. e4 c5 2. d4 cxd4 3. c3 dxc3 4. Nxc3 e6 5. Bc4 Nf6 6. Nf3 Nc6 7. 0-0 Be7 8. Qe2 0-0 9. Rd1 a6 10. e5 Ne8 11. Nd4 d5 12. Bb3 Qc7 13. Nxc6 bxc6 14. Bc2 g6 15. Bh6 Ng7 16. g3 f6 17. f4 Qb6+ 18. Kg2 Qxb2 19. Na4 Qb7 20. Rab1 Qc7 21. Nb6 Rb8 22. Nxc8 Rfxc8 23. exf6 Bxf6 24. Bxg7 Kxg7 25. Ba4 e5 26. Rbc1 Qd6 27. Qxa6 exf4 28. Rxc6 Rxc6 29. Bxc6 Rb2+ 30. Kh1 f3 31. Qa7+ Kh6 32. Bd7 Qe7 33. Qa4 Qe2 34. Qf4+ Kg7 0-1

[Event "Madrid-ch Previa-B"]
[Site "Madrid"]
[Date "2009.11.13"]
[Round "4"]
[White "Ballesteros Galvez, Daniel"]
[Black "Benito Aragoneses, Miguel Angel"]
[Result "1-0"]
[WhiteElo "1557"]
[BlackElo "1747"]
[PlyCount "77"]
[EventDate "2009.11.05"]
[EventType "swiss"]
[EventRounds "9"]
[EventCountry "ESP"]
[SourceTitle "CBM 133 Extra"]
[Source "ChessBase"]
[SourceDate "2010.01.05"]
[SourceVersion "1"]
[SourceVersionDate "2010.01.05"]
[SourceQuality "1"]

1. e4 c5 2. Nf3 d6 3. d4 cxd4 4. Nxd4 Nf6 5. Nc3 a6 6. Bg5 e6 7. f4 Be7 8. Qf3 Nbd7 9. Bd3 h6 10. Bh4 Qc7 11. h3 Nc5 12. g4 Nxd3+ 13. cxd3 Qb6 14. Nb3 Bd7 15. Qf2 Qxf2+ 16. Bxf2 b5 17. Ke2 b4 18. Nb1 Rc8 19. N1d2 d5 20. e5 Nh7 21. Rac1 0-0 22. Rhg1 f6 23. Nc5 Bb5 24. Nxe6 Rfe8 25. Nc7 Red8 26. Nxb5 axb5 27. Nb3 fxe5 28. fxe5 Ng5 29. Bh4 d4 30. Rxc8 Rxc8 31. Rc1 Rxc1 32. Nxc1 Kf7 33. Nb3 Ne6 34. Bxe7 Kxe7 35. Kf3 Ng5+ 36. Kg3 Ne6 37. h4 Kd7 38. Kf3 Kc6 39. Ke4 1-0

[Event "Madrid-ch Previa-B"]
[Site "Madrid"]
[Date "2009.11.07"]
[Round "3"]
[White "Benito Aragoneses, Miguel Angel"]
[Black "Gomez Arce, David"]
[Result "1-0"]
[WhiteElo "1747"]
[BlackElo "1393"]
[PlyCount "41"]
[EventDate "2009.11.05"]
[EventType "swiss"]
[EventRounds "9"]
[EventCountry "ESP"]
[SourceTitle "CBM 133 Extra"]
[Source "ChessBase"]
[SourceDate "2010.01.05"]
[SourceVersion "1"]
[SourceVersionDate "2010.01.05"]
[SourceQuality "1"]

1. d4 d5 2. c4 e6 3. Nc3 Nf6 4. Bg5 c5 5. Nf3 Nc6 6. cxd5 exd5 7. dxc5 Bxc5 8. e3 Be6 9. Be2 0-0 10. 0-0 d4 11. Ne4 dxe3 12. Nxc5 Qxd1 13. Raxd1 exf2+ 14. Rxf2 Ng4 15. Rff1 Bxa2 16. Nd4 Nce5 17. b3 f6 18. h3 fxg5 19. hxg4 b6 20. Nce6 Rfe8 21. Nc7 1-0

[Event "Madrid-ch Previa-B"]
[Site "Madrid"]
[Date "2008.11.21"]
[Round "6"]
[White "Escoredo Garcia, Jesus"]
[Black "Benito Aragoneses, Miguel Angel"]
[Result "1-0"]
[WhiteElo "1906"]
[BlackElo "1790"]
[PlyCount "95"]
[EventDate "2008.11.06"]
[EventType "swiss"]
[EventRounds "9"]
[EventCountry "ESP"]
[SourceTitle "CBM 127 Extra"]
[Source "ChessBase"]
[SourceDate "2009.01.08"]
[SourceVersion "2"]
[SourceVersionDate "2009.01.28"]
[SourceQuality "1"]

1. d4 Nf6 2. c4 g6 3. Nc3 Bg7 4. Nf3 0-0 5. e4 d6 6. Bd3 Nbd7 7. 0-0 e5 8. d5 a6 9. b4 c6 10. Bg5 h6 11. Bh4 g5 12. Bg3 Nh5 13. Ne2 c5 14. a3 b5 15. cxb5 axb5 16. Bxb5 Ba6 17. Bxa6 Rxa6 18. b5 Ra5 19. Qb3 Nb6 20. Nd2 Qd7 21. Rfb1 f5 22. f3 Nxg3 23. Nxg3 f4 24. Nf5 Rfa8 25. Ra2 Ra4 26. h3 c4 27. Qc3 Nxd5 28. Qc2 Nb6 29. Rd1 Bf8 30. Nb1 Qxb5 31. Kh1 Qc5 32. Rd2 R4a6 33. Ra1 Rc8 34. Nc3 Rxa3 35. Rad1 Rc6 36. Kh2 Qb4 37. Nd5 Nxd5 38. exd5 Rc7 39. Rb1 Rb3 40. Ra1 Qb7 41. Nxd6 Bxd6 42. Qg6+ Rg7 43. Qxd6 c3 44. Rc2 Rb2 45. Qe6+ Kh7 46. Qf5+ Kg8 47. d6 Qc6 48. Rxc3 1-0

[Event "Madrid-ch Previa-B"]
[Site "Madrid"]
[Date "2008.11.07"]
[Round "2"]
[White "Vazquez Torres, Adrian"]
[Black "Benito Aragoneses, Miguel Angel"]
[Result "1-0"]
[WhiteElo "2023"]
[BlackElo "1790"]
[PlyCount "75"]
[EventDate "2008.11.06"]
[EventType "swiss"]
[EventRounds "9"]
[EventCountry "ESP"]
[SourceTitle "CBM 127 Extra"]
[Source "ChessBase"]
[SourceDate "2009.01.08"]
[SourceVersion "2"]
[SourceVersionDate "2009.01.28"]
[SourceQuality "1"]

1. e4 c5 2. Nf3 d6 3. d4 cxd4 4. Nxd4 Nf6 5. Nc3 a6 6. Bc4 e6 7. Bb3 Be7 8. 0-0 0-0 9. f4 Nc6 10. Be3 Qc7 11. f5 Nxd4 12. Bxd4 b5 13. Qe1 e5 14. Be3 Bb7 15. Qg3 b4 16. Nd5 Bxd5 17. exd5 Kh8 18. a3 bxa3 19. Rxa3 a5 20. Rfa1 Ne4 21. Qe1 Nc5 22. Rxa5 Rab8 23. Ra7 Rb7 24. Qa5 Rxa7 25. Qxa7 Qxa7 26. Rxa7 Bf6 27. Bc4 g6 28. b4 Ne4 29. fxg6 hxg6 30. b5 Nc5 31. Bxc5 dxc5 32. d6 e4 33. Rxf7 Bd4+ 34. Kf1 Rxf7+ 35. Bxf7 Kg7 36. b6 c4 37. b7 Ba7 38. d7 1-0

[Event "Madrid-chB"]
[Site "Madrid"]
[Date "2000.??.??"]
[Round "1"]
[White "Benito Aragoneses, Miguel Angel"]
[Black "Blasco de la Cruz, Luis"]
[Result "0-1"]
[WhiteElo "1710"]
[BlackElo "2005"]
[PlyCount "40"]
[EventDate "2000.??.??"]
[EventType "swiss"]
[EventRounds "9"]
[EventCountry "ESP"]
[SourceTitle "EXT 2003"]
[Source "ChessBase"]
[SourceDate "2002.11.25"]
[SourceVersion "1"]
[SourceVersionDate "2002.11.25"]
[SourceQuality "1"]

1. d4 Nf6 2. c4 e5 3. dxe5 Ng4 4. Nf3 Bc5 5. e3 Nc6 6. a3 a5 7. Nc3 0-0 8. Bd3 Ngxe5 9. Nxe5 Nxe5 10. Be4 Re8 11. Qe2 Ra6 12. 0-0 Rh6 13. f4 d5 14. fxe5 dxe4 15. Rf4 Rxe5 16. Nxe4 g5 17. Nxc5 gxf4 18. Nd3 Reh5 19. Nxf4 Rxh2 20. b4 Qh4 0-1